Visualizzazione normale
Vista MARC
- Geraldini, Alessandro,
di Personal Name
Records bibliografici associati: 1
001 - CONTROL NUMBER
- control field: 5989
003 - CONTROL NUMBER IDENTIFIER
- control field: IT-RoINE
005 - DATE AND TIME OF LATEST TRANSACTION
- control field: 20201119104545.0
008 - FIXED-LENGTH DATA ELEMENTS
- fixed length control field: 140410|| aca||aabn | a|a d
040 ## - CATALOGING SOURCE
- Original cataloging agency: IT-RoINE
- Transcribing agency: IT-RoINE
100 ## - HEADING--PERSONAL NAME
- Personal name: Geraldini, Alessandro,
- Titles and other words associated with a name: Obispo de Santo Domingo,
- Dates associated with a name: 1455-1525
- General subdivision: Biografía
670 ## - SOURCE DATA FOUND
- Source citation: Work cat.: (IT-RoINE)0: Tisnés Jiménez, Roberto María, 1926- 5988, Alejandro Geraldini :, 1987.